Разработка системы для отслеживания людей в видео потоке с перспективой последующего применения в системах обеспечения безопасности; Ресурсоэффективным технологиям - энергию и энтузиазм молодых

Detaylı Bibliyografya
Parent link:Ресурсоэффективным технологиям - энергию и энтузиазм молодых.— 2012.— [С. 119-121]
Yazar: Кулманакова Е. В.
Diğer Yazarlar: Спицын В. Г. Владимир Григорьевич (научный руководитель)
Özet:Заглавие с экрана
Dil:Rusça
Baskı/Yayın Bilgisi: 2012
Seri Bilgileri:Интеллектуальные информационно-телекоммуникационные системы мониторинга и управления
Konular:
Online Erişim:http://www.lib.tpu.ru/fulltext/c/2012/C08/050.pdf
Materyal Türü: Elektronik Kitap Bölümü
KOHA link:https://koha.lib.tpu.ru/cgi-bin/koha/opac-detail.pl?biblionumber=234164

MARC

LEADER 00000naa2a2200000 4500
001 234164
005 20260121113535.0
035 |a (RuTPU)RU\TPU\book\255266 
035 |a RU\TPU\book\255263 
090 |a 234164 
100 |a 20130319d2012 k y0rusy50 ca 
101 0 |a rus 
102 |a RU 
181 0 |a i  
182 0 |a b 
200 1 |a Разработка системы для отслеживания людей в видео потоке с перспективой последующего применения в системах обеспечения безопасности  |f Е. В. Кулманакова  |g науч. рук. В. Г. Спицын 
203 |a Текст  |c электронный 
215 |a 1 файл (313 Кб) 
225 1 |a Интеллектуальные информационно-телекоммуникационные системы мониторинга и управления 
300 |a Заглавие с экрана 
320 |a [Библиогр.: с. 121 (8 назв.)] 
337 |a Adobe Reader 
463 1 |0 (RuTPU)RU\TPU\book\251281  |t Ресурсоэффективным технологиям - энергию и энтузиазм молодых   |o сборник докладов III Университетской конференции студентов Элитного технического образования, г. Томск, 16 -17 апреля 2012 г.  |f Национальный исследовательский Томский политехнический университет (ТПУ)   |v [С. 119-121]  |d 2012 
610 1 |a электронный ресурс 
610 1 |a труды учёных ТПУ 
610 1 |a разработка 
610 1 |a отслеживание 
610 1 |a видео 
610 1 |a системы обеспечения безопасности 
610 1 |a безопасность 
700 1 |a Кулманакова  |b Е. В. 
702 1 |a Спицын  |b В. Г.  |c специалист в области информатики и вычислительной техники  |c профессор Томского политехнического университета, доктор технических наук  |f 1948-  |g Владимир Григорьевич  |3 (RuTPU)RU\TPU\pers\22707  |4 727 
801 1 |a RU  |b 63413507  |c 20101016 
801 2 |a RU  |b 63413507  |c 20130517  |g RCR 
856 4 |u http://www.lib.tpu.ru/fulltext/c/2012/C08/050.pdf 
942 |c CF